Cantos de emoción / (Record no. 40520)

MARC details
000 -LEADER
campo de control de longitud fija 00483nam a2200169 i 4500
001 - NÚMERO DE CONTROL
campo de control 40520
003 - IDENTIFICADOR DE NÚMERO DE CONTROL
campo de control ES-MaACL
007 - CAMPO FIJO DE DESCRIPCIÓN FÍSICA--INFORMACIÓN GENERAL
campo de control de longitud fija t|
008 - DATOS DE LONGITUD FIJA--INFORMACIÓN GENERAL
campo de control de longitud fija 030306s1985 pr ||||1| spa d
100 1# - ENTRADA PRINCIPAL--NOMBRE DE PERSONA
Nombre de persona Carrión, Juan Francisco.
9 (RLIN) 35802
245 10 - MENCIÓN DEL TÍTULO
Título Cantos de emoción /
Mención de responsabilidad, etc. Juan Francisco Carrión.
250 ## - MENCION DE EDICION
Mención de edición [2ª ed.].
260 ## - PUBLICACIÓN, DISTRIBUCIÓN, ETC.
Lugar de publicación, distribución, etc. [Hato Rey (Puerto Rico) :
Nombre del editor, distribuidor, etc. Esmaco,
Fecha de publicación, distribución, etc. 1985]
300 ## - DESCRIPCIÓN FÍSICA
Extensión 75 p. ;
Dimensiones 19 cm.
852 ## - LOCALIZACIÓN
Ubicación ES-MaACL
Número de control de estantería L-9003
Sublocalización o colección R.108688
852 ## - LOCALIZACIÓN
Ubicación ES-MaACL
Número de control de estantería L-9308
Sublocalización o colección R.108689
Holdings
Estatus retirado Estado de pérdida Estado de daño No para préstamo Biblioteca de origen Biblioteca actual Ubicación en estantería Fecha de adquisición Fuente de adquisición Total de préstamos Signatura topográfica completa Código de barras Visto por última vez Precio de reemplazo Tipo de ítem Koha
        Biblioteca del Ateneo de Madrid Biblioteca del Ateneo de Madrid Depósito 2 17/01/2008     L-9308 1042659 23/02/2023 23/02/2023 Libro impreso
        Biblioteca del Ateneo de Madrid Biblioteca del Ateneo de Madrid Depósito 2 17/01/2008     L-9003 1042658 23/02/2023 23/02/2023 Libro impreso